| 000 | 00984nam a2200277 i 4500 | ||
|---|---|---|---|
| 001 | 77643 | ||
| 003 | ES-MaACL | ||
| 005 | 20250824035906.0 | ||
| 007 | t| | ||
| 008 | 041028s2003 pr |||| | spa d | ||
| 020 | _a1-881703-54-1 | ||
| 080 | _a860(729.5) | ||
| 080 | _a82-1"19" | ||
| 100 | 1 |
_aTorres Nadal, Luis. _9110991 |
|
| 245 | 1 | 0 |
_aTeatro y poesía / _cselección, edición y estudio, Zulma Ayes y Luis Díaz Márquez ; prólogo al teatro, Roberto Ramos-Perea. |
| 260 |
_aSan Juan de Puerto Rico : _bAteneo Puertorriqueño-LEA : _bMunicipio Autónomo de Ponce, _c2003. |
||
| 300 |
_a362 p. ; _c24 cm. |
||
| 650 | 1 | 4 |
_aTeatro- _zPuerto Rico _917318 |
| 650 | 4 |
_aPoesía puertorriqueña _916155 |
|
| 700 | 1 |
_aAyes, Zulma. _924153 |
|
| 700 | 1 |
_aDíaz Márquez, Luis. _944338 |
|
| 700 | 1 |
_aRamos-Perea, Roberto. _995345 |
|
| 710 | 2 |
_aAteneo Puertorriqueño _92054 |
|
| 852 |
_aES-MaACL _jE-10183 _z. - Donativo Ateneo Puertorriqueño |
||
| 999 |
_c77643 _d77643 |
||